| Tag |
First Indicator |
Second Indicator |
Subfields |
| LEADER |
00000cam a22000004a 4500 |
| 001 |
in00002037621 |
| 005 |
20220105142612.0 |
| 006 |
m d |
| 007 |
cr cnu---unuuu |
| 008 |
040826s2003 ncu sb 001 0 eng d |
| 020 |
|
|
|a 080786157X (electronic bk.)
|
| 035 |
|
|
|a (OCoLC)ocm56356645
|
| 040 |
|
|
|a N$T
|c N$T
|d UtOrBLW
|
| 043 |
|
|
|a cl-----
|a s-cl---
|
| 049 |
|
|
|a IICN
|
| 050 |
1 |
4 |
|a JL966
|b .G37513 2003eb
|
| 082 |
0 |
4 |
|a 320.98
|2 22
|
| 100 |
1 |
|
|a Garretón Merino, Manuel A.
|q (Manuel Antonio)
|0 http://id.loc.gov/authorities/names/n83175481
|
| 240 |
1 |
0 |
|a Política y sociedad entre dos épocas.
|l English
|0 http://id.loc.gov/authorities/names/n2003091585
|
| 245 |
1 |
0 |
|a Incomplete democracy :
|b political democratization in Chile and Latin America /
|c by Manuel Antonio Garretón ; translated by R. Kelly Washbourne with Gregory Horvath.
|
| 264 |
|
1 |
|a Chapel Hill :
|b University of North Carolina Press,
|c [2003]
|
| 264 |
|
4 |
|c ©2003
|
| 300 |
|
|
|a vii, 211 pages ;
|c 23 cm.
|
| 336 |
|
|
|a text
|b txt
|2 rdacontent
|
| 337 |
|
|
|a computer
|b c
|2 rdamedia
|
| 338 |
|
|
|a online resource
|b cr
|2 rdacarrier
|
| 490 |
1 |
|
|a Latin America in translation/en traducción/em tradução
|
| 504 |
|
|
|a Includes bibliographical references (pages 195-207) and index.
|
| 505 |
0 |
|
|a Analytical orientations and the Latin American Problématique -- Social change and the reconstruction of politics -- Democracy and democratization : concepts and processes -- The transformation of the state and social policies -- Social policies and equality -- Political parties and the crisis of representation -- Civil society, social movements, and democratization -- Changes in Latin American political culture -- Democratic crisis and military coup : thirty years later -- Political opposition and the struggle for democracy under the military regime -- Evaluation of and prospects for Chilean political democratization -- Epilogue : What future for politics in Chile and Latin America?
|
| 533 |
|
|
|a Electronic reproduction.
|b Boulder, Colo. :
|c NetLibrary,
|d 2004.
|n Available via World Wide Web.
|n Access may be limited to NetLibrary affiliated libraries.
|
| 500 |
|
|
|a Electronic resource.
|
| 651 |
|
0 |
|a Latin America
|x Politics and government
|y 1980-
|0 http://id.loc.gov/authorities/subjects/sh87000854
|
| 650 |
|
0 |
|a Democracy
|z Latin America.
|0 http://id.loc.gov/authorities/subjects/sh2008102147
|
| 650 |
|
0 |
|a Democratization
|z Latin America.
|0 http://id.loc.gov/authorities/subjects/sh2008117505
|
| 650 |
|
0 |
|a Political culture
|z Latin America.
|0 http://id.loc.gov/authorities/subjects/sh2010107053
|
| 651 |
|
0 |
|a Chile
|x Politics and government
|y 1973-
|0 http://id.loc.gov/authorities/subjects/sh85023904
|
| 650 |
|
0 |
|a Democracy
|z Chile.
|0 http://id.loc.gov/authorities/subjects/sh2008102156
|
| 650 |
|
0 |
|a Democratization
|z Chile.
|0 http://id.loc.gov/authorities/subjects/sh2009123169
|
| 650 |
|
0 |
|a Political culture
|z Chile.
|
| 655 |
|
7 |
|a Electronic books.
|2 local
|
| 710 |
2 |
|
|a NetLibrary, Inc.
|0 http://id.loc.gov/authorities/names/no99080690
|
| 776 |
1 |
|
|c Original
|z 0807828106
|z 0807854832
|w (DLC) 2003042613
|w (OCoLC)51586882
|
| 830 |
|
0 |
|a Latin America in translation/en traducción/em tradução.
|0 http://id.loc.gov/authorities/names/n92029611
|
| 856 |
4 |
1 |
|u https://proxy.library.tamu.edu/login?url=http://www.netLibrary.com/urlapi.asp?action=summary&v=1&bookid=114683
|z Connect to the full text of this electronic book
|t 0
|
| 994 |
|
|
|a 92
|b IIC
|
| 999 |
|
|
|a MARS
|
| 999 |
f |
f |
|s 8ff0443a-0a7e-3679-967e-73f78d172fae
|i 99c3eedf-07c2-3e56-bd4e-92d702307d92
|t 0
|
| 952 |
f |
f |
|a Texas A&M University
|b College Station
|c Electronic Resources
|d Available Online
|t 0
|e JL966 .G37513 2003eb
|h Library of Congress classification
|
| 998 |
f |
f |
|a JL966 .G37513 2003eb
|t 0
|l Available Online
|